Czy znasz ten czołg? - Statystyki

Ogólne statystyki
  • Ten quiz został rozwiązany 59 razy
  • Średni wynik to 9 z 16
Statystyki odpowiedzi
Obrazkowy Odpowiedź % Poprawnych
Tiger H1
100%
Pantera D
82%
IS-1
78%
IS-3
73%
T-34-85
69%
Cromwell V
67%
SU-85
59%
T-50
55%
Crusader II
49%
M18 GMC
49%
T-29
47%
Sherman Firefly
45%
M109A1
43%
ASU-85
37%
Chi-Ri II
37%
Ratel 90
27%
Nie znaleziono quizów pasujących do podanych kryteriów
Rozkład punktacji
Procent ludzi z każdym wynikiem
Percentyl według liczby udzielonych odpowiedzi
Twoja historia wyników
Nie rozwiązałeś tego quizu